000 00699nam a2200205 4500
001 2015430
003 AM-YeHGA
005 20250915151142.0
008 250417s1928 ru ||||| |||| 00| 0 rus d
040 _aAM-YeHGA
041 0 _arus
100 1 _aГершензон, Михаил Осипович
245 1 0 _aГрибоедовская Москва /
_cМ. Гершензон.
250 _a3-е изд.
260 _aМосква :
_bИзд. М. и С. Сабашниковых,
_c1928.
300 _a173 с.
600 1 4 _aГрибоедов, Александр Сергеевич,
_d1795-1829
_tГоре от ума
650 1 4 _aЛитературная критика
942 _2udc
_cBK
999 _c534355
_d534355